OPAC Home

A Commentary on the Ceylon Criminal Procedure Code- Volume II (Record no. 97986)

MARC details
000 -LEADER
fixed length control field 00531nam a2200205Ia 4500
003 - CONTROL NUMBER IDENTIFIER
control field LK-CoDNM
005 - DATE AND TIME OF LATEST TRANSACTION
control field 20240924102410.0
008 - FIXED-LENGTH DATA ELEMENTS--GENERAL INFORMATION
fixed length control field 010623t1936 xxu||||| |||| 00| 1 eng d
040 ## - CATALOGING SOURCE
Original cataloging agency LK-CoDNM
Modifying agency LK-CoDNM
Description conventions LK-CoDNM
041 ## - LANGUAGE CODE
Language code of text/sound track or separate title English
080 ## - UNIVERSAL DECIMAL CLASSIFICATION NUMBER
Universal Decimal Classification number 15
Item number C24
942 ## - ADDED ENTRY ELEMENTS (KOHA)
Koha item type Books
100 ## - MAIN ENTRY--PERSONAL NAME
Personal name Dias,Reginald.F.
245 ## - TITLE STATEMENT
Title A Commentary on the Ceylon Criminal Procedure Code- Volume II
260 ## - PUBLICATION, DISTRIBUTION, ETC. (IMPRINT)
Name of publisher, distributor, etc. Apothecaries Co, Ltd.
Place of publication, distribution, etc. Colombo
Date of publication, distribution, etc. 1936
300 ## - PHYSICAL DESCRIPTION
Other physical details xli, 723p. ; 25 cm
650 ## - SUBJECT ADDED ENTRY--TOPICAL TERM
Topical term or geographic name as entry element Court
650 ## - SUBJECT ADDED ENTRY--TOPICAL TERM
Topical term or geographic name as entry element Law
650 ## - SUBJECT ADDED ENTRY--TOPICAL TERM
Topical term or geographic name as entry element Police
Holdings
Withdrawn status Lost status Damaged status Not for loan Collection code Permanent Location Current Location Shelving location Date acquired Full call number Barcode Koha item type
    Damaged   Old Books Collection Library National Museum Colombo - Sri Lanka Library National Museum Colombo - Sri Lanka Reference 2024-09-19 15 C24 OJP1205 Books
Copyright © 2023 Department of National Museum, Colombo 07, Sri Lanka Funded by UNESCO IFAP UNESCO